Multivariate analysis of young and mature clones in Para rubber (Hevea brasiliensis Muell. Arg.) (Record no. 74630)

MARC details
000 -LEADER
fixed length control field 00423nam a2200133Ia 4500
100 ## - MAIN ENTRY--AUTHOR NAME
Personal name Jayashree Madhavan
245 #0 - TITLE STATEMENT
Title Multivariate analysis of young and mature clones in Para rubber (Hevea brasiliensis Muell. Arg.)
260 ## - PUBLICATION, DISTRIBUTION, ETC. (IMPRINT)
Name of publisher Kerala Agricultural University
Place of publication Trivandrum
Year of publication 2001
300 ## - PHYSICAL DESCRIPTION
Number of Pages 279
500 ## - GENERAL NOTE
General note Course: Ph. D
700 ## - ADDED ENTRY--PERSONAL NAME
Personal name Dr SG Sreekumar
942 ## - ADDED ENTRY ELEMENTS (KOHA)
Koha item type Theses
Holdings
Withdrawn status Lost status Damaged status Not for loan Collection code Home library Current library Shelving location Date acquired Koha item type
      Theses Thesis RRII Library RRII Library Germaplsm 31/12/2021 Theses